OECDドボンクイズ - Statistics

General Stats
  • This quiz has been taken 46 times
  • The average score is 4 of 19
Answers on the Grid
Answers color-coded by a green-red scale on the quiz's grid according to % correct below.
キプロス
コロンビア
コスタリカ
チリ
チェコ
エストニア
ギリシャ
ハンガリー
アイスランド
イスラエル
ニュージーランド
ポーランド
スロバキア
スロベニア
韓国
ノルウェー
スウェーデン
トルコ
ロシア
シンガポール
ロシア
中国
ペルー
クロアチア
アルゼンチン
南アフリカ共和国
ルクセンブルク
ルーマニア
アラブ首長国連邦
アイルランド
 
Answer Stats
Answer % Correct
韓国
68%
スウェーデン
42%
ノルウェー
32%
ニュージーランド
29%
アイスランド
26%
ポーランド
26%
チェコ
23%
ギリシャ
23%
イスラエル
23%
トルコ
23%
ルクセンブルク
19%
アイルランド
19%
コスタリカ
16%
エストニア
16%
ハンガリー
16%
スロベニア
16%
チリ
13%
スロバキア
13%
コロンビア
6%
No matching quizzes found
Score Distribution
Percent of People with Each Score
Percentile by Number Answered
Your Score History
You have not taken this quiz